00700nam a2200205 4500001000700000003000900007007000300016008004100019100002400060245009200084250001200176260003400188300003300222490001300255700003500268830002100303852003100324999001900355952012000374109375ES-MaACLt|061121s1955 sp r ||||1| spa d1 aMistinguett.98166110aMemorias / cMistinguett; Traducción directa del francés por José Antonio Orozco. a1ª ed. aBarcelona : bA.H.R., c1955. a376 p., 10 lám. ; c22 cm.1 aAmanecer1 aOrozco, José Antonio.9873320 aAmanecer9181036 aES-MaACLjC-9599 bR.37240 c109375d109375 00104070aATENEOMbATENEOMcSPALd2008-01-17eSCl0oC-9599p1114123r2023-02-23 00:00:00w2023-02-23yMONOGRAFIA